<?xml version="1.0" encoding="UTF-8"?><?xml-stylesheet type="text/xsl" href="static/style.xsl"?><OAI-PMH xmlns="http://www.openarchives.org/OAI/2.0/" xmlns:xsi="http://www.w3.org/2001/XMLSchema-instance" xsi:schemaLocation="http://www.openarchives.org/OAI/2.0/ http://www.openarchives.org/OAI/2.0/OAI-PMH.xsd"><responseDate>2026-06-05T13:08:49Z</responseDate><request verb="GetRecord" identifier="oai:riuma.uma.es:10630/33497" metadataPrefix="marc">https://riuma.uma.es/rest/oai/request</request><GetRecord><record><header><identifier>oai:riuma.uma.es:10630/33497</identifier><datestamp>2026-02-03T11:18:47Z</datestamp><setSpec>com_10630_2254</setSpec><setSpec>col_10630_37953</setSpec></header><metadata><record xmlns="http://www.loc.gov/MARC21/slim" xmlns:dcterms="http://purl.org/dc/terms/" xmlns:doc="http://www.lyncode.com/xoai" xmlns:xsi="http://www.w3.org/2001/XMLSchema-instance" xsi:schemaLocation="http://www.loc.gov/MARC21/slim http://www.loc.gov/standards/marcxml/schema/MARC21slim.xsd">
   <leader>00925njm 22002777a 4500</leader>
   <datafield ind2=" " ind1=" " tag="042">
      <subfield code="a">dc</subfield>
   </datafield>
   <datafield ind2=" " ind1=" " tag="720">
      <subfield code="a">Lucena Rodríguez, Carmen</subfield>
      <subfield code="e">author</subfield>
   </datafield>
   <datafield ind2=" " ind1=" " tag="720">
      <subfield code="a">Cruz-González, Cristina</subfield>
      <subfield code="e">author</subfield>
   </datafield>
   <datafield ind2=" " ind1=" " tag="720">
      <subfield code="a">Domingo Segovia, Jesús</subfield>
      <subfield code="e">author</subfield>
   </datafield>
   <datafield ind2=" " ind1=" " tag="260">
      <subfield code="c">2021-07-27</subfield>
   </datafield>
   <datafield ind2=" " ind1=" " tag="520">
      <subfield code="a">This case study investigated the strategies used by a school principal who successfully leads an educational centre in a vulnerable context. This article aims to explore how a school in a vulnerable context can be strengthened by the actions implemented by the principal and his leadership based on social and pedagogical commitment. Initially, the key aspects identified by the school community in the principal’s identity were analysed, and subsequently compared with their own perception to understand their professional development and leadership practices. The findings identify three main strategies that have been implemented to improve the school climate: (a) building relationships and involving the community in educational change; (b) enhancing cooperative work and the joint vision of the school–professional learning communities; and (c) give children a voice, respect children and fight for equal opportunities. Comprehensive keys to professional practice are drawn from these findings.</subfield>
   </datafield>
   <datafield ind1="8" ind2=" " tag="024">
      <subfield code="a">Rodríguez, C. L., Cruz-González, C., &amp; Segovia, J. D. (2023). Principal professional identity: Giving voice to children in a vulnerable Spanish context. Educational Management Administration &amp; Leadership, 51(5), 1161-1180. https://doi.org/10.1177/17411432211030750</subfield>
   </datafield>
   <datafield ind1="8" ind2=" " tag="024">
      <subfield code="a">https://hdl.handle.net/10630/33497</subfield>
   </datafield>
   <datafield ind1="8" ind2=" " tag="024">
      <subfield code="a">10.1177/17411432211030750</subfield>
   </datafield>
   <datafield tag="653" ind2=" " ind1=" ">
      <subfield code="a">Liderazgo en la enseñanza</subfield>
   </datafield>
   <datafield ind2="0" ind1="0" tag="245">
      <subfield code="a">Principal professional identity: giving voice to children in a vulnerable Spanish context.</subfield>
   </datafield>
</record>
</metadata></record></GetRecord></OAI-PMH>